[Event "Mistrzostwa Polski Mlodzikow do lat 10 - Chlopcy"]
[Site "Karpacz"]
[Date "1899-12-30"]
[Round "1.26"]
[White "Turowski, Maciej"]
[Black "Karp, Kacper"]
[Result "0-1"]
[WhiteTitle "III"]
[BlackTitle "II"]
[WhiteElo "1259"]
[BlackElo "1078"]

1. d4 Nf6 2. Bg5 d6 3. Bxf6 exf6 4. c4 g6 5. Nc3 Bg7 6. e3 O-O 7. Bd3 Re8 8. Nge2
Nc6 9. a3 a5 10. O-O f5 11. Rb1 b6 12. b4 Bb7 13. c5 Qg5 14. g3 axb4 15. axb4
Qh6 16. Bb5 Red8 17. Nd5 Kh8 18. Nxc7 Ra2 19. Bc4 Ra3 20. Nb5 Raa8 21. Nxd6 Rxd6
22. cxd6 g5 23. Bxf7 Qxd6 24. Qd3 Ne5 25. Qd1 Nf3+ 26. Kh1 Qh6 27. h4 Nxh4+ 28.
d5 Nf3+ 29. Kg2 Qh2+ 30. Kxf3 g4+ 31. Kf4 Qh6+ 32. Kxf5 Bc8+ 33. Be6 Bxe6+ 34.
dxe6 Rf8+ 35. Ke4 Qxe6+ 36. Kd3 Rd8+ 37. Nd4 Qg6+ 38. Kc3 Qc6+ 39. Kd3 Qb5+ 40.
Ke4 Re8+ 41. Kf4 Qh5 42. Qd3 Bh6# 0-1

[Event "Mistrzostwa Polski Mlodzikow do lat 10 - Chlopcy"]
[Site "Karpacz"]
[Date "1899-12-30"]
[Round "1.27"]
[White "Leski, Franciszek"]
[Black "Musial, Igor"]
[Result "1/2-1/2"]
[WhiteTitle "III"]
[BlackTitle "II"]
[WhiteElo "1071"]
[BlackElo "1258"]

1. d4 d5 2. c4 e6 3. Nf3 Nf6 4. Nc3 Be7 5. Bg5 c6 6. Rb1 h6 7. Bxf6 Bxf6 8. b4
Bd7 9. e4 dxe4 10. Nxe4 Be7 11. Be2 Bc8 12. O-O O-O 13. Nc3 Nd7 14. Qa4 Nb6 15.
Qc2 Bf6 16. b5 Bd7 17. a4 cxb5 18. axb5 Rc8 19. c5 Nd5 20. Ne4 Be7 21. Ra1 Ra8
22. Ne5 Nf6 23. Nxd7 Qxd7 24. Rfd1 Rfc8 25. Nxf6+ Bxf6 26. Qc4 Qc7 27. Rac1 Bg5
28. Rc2 Be7 29. Bf3 Rab8 30. d5 Qxc5 31. Qxc5 Rxc5 32. Rxc5 Bxc5 33. Rc1 Bb6 34.
dxe6 fxe6 35. Re1 Kf7 36. Bg4 Re8 37. Kf1 g6 38. h4 e5 39. Bf3 Re7 40. Bd5+ Kf6
41. g4 Rd7 42. Bf3 Rd2 43. Re2 Rxe2 44. Kxe2 a6 45. bxa6 bxa6 46. Bb7 a5 47. Bc6
1/2-1/2

[Event "Mistrzostwa Polski Mlodzikow do lat 10 - Chlopcy"]
[Site "Karpacz"]
[Date "1899-12-30"]
[Round "1.28"]
[White "Podlewski, Szymon"]
[Black "Pawlowski, Kamil"]
[Result "0-1"]
[WhiteTitle "II"]
[BlackTitle "III"]
[WhiteElo "1243"]
[BlackElo "1060"]

1. e4 e5 2. Nf3 Nc6 3. d4 exd4 4. Bc4 Nf6 5. Bg5 Be7 6. Nxd4 Nxe4 7. Nxc6 bxc6
8. Bxe7 Qxe7 9. O-O d5 10. Bb3 O-O 11. Nd2 Nxd2 12. Qxd2 Be6 13. Rfe1 Qd6 14.
Rad1 Bg4 15. Rc1 Be6 16. h3 a5 17. a4 Ra7 18. Rcd1 Qb4 19. Qe3 Rb7 20. Qe5 Qd6
21. Qxd6 cxd6 22. Re3 h6 23. Rc3 Rc8 24. Ba2 Rxb2 25. Bb3 Bd7 26. Kf1 d4 27. Rxd4
Rb1+ 28. Ke2 d5 29. Rd1 Rxd1 30. Kxd1 Kf8 31. Rc5 Ra8 32. Kd2 Ke7 33. Ke3 Kd6
34. Kd4 Bf5 35. f3 Bd7 36. g4 g5 37. Rc3 f5 38. Ke3 c5 39. Rd3 f4+ 40. Kf2 Be6
41. Kg2 Kc6 42. Rd1 c4 43. Ba2 Kc5 44. c3 Rb8 45. Rd2 Rd8 46. h4 d4 47. cxd4+
Rxd4 48. Re2 Rd6 49. hxg5 hxg5 50. Kh3 Bd5 51. Re5 Rg6 52. Bb1 Rg7 53. Be4 Kb4
54. Rxd5 Kxa4 55. Rd2 c3 56. Ra2+ Kb4 57. Bc2 Re7 58. Bd1 Re3 59. Kg2 Rd3 60.
Bc2 Rd2+ 61. Kf1 Rxc2 62. Rxc2 Kb3 63. Rc1 0-1

[Event "Mistrzostwa Polski Mlodzikow do lat 10 - Chlopcy"]
[Site "Karpacz"]
[Date "1899-12-30"]
[Round "1.29"]
[White "Baszczynski, Gabriel"]
[Black "Jarocki, Gabriel"]
[Result "0-1"]
[WhiteTitle "III"]
[BlackTitle "II"]
[WhiteElo "1059"]
[BlackElo "1241"]

1. e4 e5 2. Nf3 Nc6 3. d4 exd4 4. Nxd4 Bc5 5. Be3 Qf6 6. c3 Nge7 7. Bc4 d6 8. O-O
Qg6 9. Qf3 O-O 10. Nd2 Ne5 11. Qg3 Qxg3 12. hxg3 N7c6 13. f4 Nxc4 14. Nxc4 Bd7
15. Nb5 Bxe3+ 16. Nxe3 Rac8 17. Nd5 Rfe8 18. Ndxc7 Red8 19. Nd5 Bg4 20. Kf2 Be6
21. Nxa7 Nxa7 22. Ne7+ Kf8 23. Nxc8 Rxc8 24. Rfd1 Ke7 25. f5 Bc4 26. b3 Bb5 27.
c4 Bc6 28. Rd4 Rd8 29. Rad1 f6 30. Ke3 b6 31. b4 Bb7 32. b5 Nc8 33. Ra1 Na7 34.
a4 Ra8 35. Rd3 Nc8 36. Rda3 Ra5 37. Rh1 h6 38. Re1 Kd7 39. Kf4 Ne7 40. Rd1 Kc7
41. Rh1 Bc8 42. Rh4 g5+ 43. fxg6 Nxg6+ 44. Kf3 Nxh4+ 45. gxh4 h5 46. Kf4 Bg4 47.
g3 Kd7 48. Ke3 Bd1 49. Kf4 Rxa4 50. Rxa4 Bxa4 51. Kf5 Ke7 52. g4 hxg4 53. Kxg4
Bd1+ 54. Kf4 Bh5 55. Ke3 Ke6 56. Kd4 Bg4 57. Kd3 Ke5 58. Ke3 Bh5 59. Kd3 Bg6 60.
Ke3 Bxe4 61. h5 Bh7 62. h6 f5 63. Kd3 f4+ 64. Ke2 Ke4 65. Kf2 f3 66. c5 dxc5 67.
Kf1 Ke3 68. Ke1 f2+ 69. Kf1 Bd3+ 70. Kg2 f1=Q+ 71. Kg3 Qf4+ 72. Kg2 Bf1+ 73. Kg1
Qf2+ 74. Kh1 Qg2# 0-1

[Event "Mistrzostwa Polski Mlodzikow do lat 10 - Chlopcy"]
[Site "Karpacz"]
[Date "1899-12-30"]
[Round "1.30"]
[White "Rylski, Tadeusz"]
[Black "Sokolowski, Hubert"]
[Result "1-0"]
[WhiteTitle "II"]
[BlackTitle "III"]
[WhiteElo "1241"]
[BlackElo "1057"]

1. e4 c6 2. d4 d5 3. e5 Bf5 4. Nf3 e6 5. Bd3 Bxd3 6. Qxd3 Nd7 7. Bg5 Be7 8. Bxe7
Nxe7 9. Nbd2 Nb6 10. b3 Qc7 11. c4 O-O 12. Ng5 Ng6 13. h4 h6 14. h5 hxg5 15. hxg6
Rfe8 16. c5 Nd7 17. gxf7+ Kxf7 18. Nf3 Ke7 19. Nxg5 Rf8 20. Qg6 Qa5+ 21. Kf1 Qb5+
22. Kg1 Qa5 23. Qxg7+ Ke8 24. Qg6+ Ke7 25. Rh7+ Kd8 26. Nxe6+ Kc8 27. Nxf8 Nxf8
28. Qf5+ Nd7 29. Qxd7+ Kb8 30. Qxb7# 1-0

[Event "Mistrzostwa Polski Mlodzikow do lat 10 - Chlopcy"]
[Site "Karpacz"]
[Date "1899-12-30"]
[Round "1.31"]
[White "Stanik, Szymon"]
[Black "Grzadka, Artur"]
[Result "0-1"]
[WhiteTitle "II"]
[BlackTitle "II"]
[WhiteElo "1053"]
[BlackElo "1233"]

1. e4 c5 2. c4 d6 3. g3 b6 4. Bg2 Bb7 5. d3 e5 6. Ne2 Nd7 7. O-O Be7 8. Nbc3 Ngf6
9. h3 O-O 10. Kh2 Ne8 11. f4 Nc7 12. f5 Nf6 13. g4 Nd7 14. Be3 Nb8 15. Qd2 Nc6
16. g5 f6 17. g6 Nd4 18. Rg1 Na6 19. Bh6 hxg6 20. fxg6 Nxe2 21. Nxe2 f5 22. exf5
Bxg2 23. Rxg2 Rxf5 24. Ng3 Rf8 25. Bxg7 Bg5 26. Bf6 Qxf6 27. Ne4 Bxd2 28. Nxf6+
Rxf6 29. Rxd2 Rxg6 30. a3 Rg7 31. Rf2 Rg6 32. Raf1 Kg7 33. Rf7+ Kh6 34. R7f6 Nc7
35. h4 Ne6 36. Rf7 Nf4 37. Rf3 Rag8 38. Rf2 Rg4 39. R2xf4 Rxf4 40. Rxf4 exf4 41.
h5 f3 42. b4 cxb4 43. axb4 f2 44. c5 f1=Q 45. d4 Qg2# 0-1

[Event "Mistrzostwa Polski Mlodzikow do lat 10 - Chlopcy"]
[Site "Karpacz"]
[Date "1899-12-30"]
[Round "1.32"]
[White "Gromek, Pawel"]
[Black "Borowik, Karol"]
[Result "1-0"]
[WhiteTitle "II"]
[BlackTitle "III"]
[WhiteElo "1231"]
[BlackElo "1016"]

1. d4 Nf6 2. c4 g6 3. Nc3 Bg7 4. Nf3 d6 5. Bf4 O-O 6. e3 Bf5 7. Be2 Nbd7 8. O-O
Nh5 9. Bg3 Ndf6 10. Bd3 Bxd3 11. Qxd3 Nxg3 12. hxg3 Ng4 13. Nh2 Nxh2 14. Kxh2
e5 15. d5 f5 16. e4 Qf6 17. Kg1 a6 18. a4 Rae8 19. b4 Ra8 20. b5 axb5 21. axb5
Rxa1 22. Rxa1 fxe4 23. Nxe4 Qf7 24. Qe3 Qf5 25. Ra7 Rb8 26. f3 Qc8 27. Ng5 Ra8
28. Qa3 Rb8 29. Ne6 Bf8 30. f4 exf4 31. gxf4 Be7 32. g3 Bd8 33. Qa1 Qd7 34. Ra8
Rxa8 35. Qxa8 Kf7 36. Qxd8 Qxd8 37. Nxd8+ Kf6 38. Kf2 Kf5 39. Kf3 b6 40. Ne6 h5
41. Nxc7 Kf6 42. Na8 Ke7 43. Nxb6 Kd8 44. Na4 Kc7 45. b6+ Kb7 46. g4 h4 47. Kg2
Ka6 48. Kh3 Ka5 49. b7 Kxa4 50. b8=Q g5 51. fxg5 Ka5 52. Qb5# 1-0

[Event "Mistrzostwa Polski Mlodzikow do lat 10 - Chlopcy"]
[Site "Karpacz"]
[Date "1899-12-30"]
[Round "2.1"]
[White "Fiszer, Bartosz"]
[Black "Trzebinski, Patryk"]
[Result "1-0"]
[WhiteTitle "CM"]
[BlackTitle "II"]
[WhiteElo "1651"]
[BlackElo "1293"]

1. e4 e5 2. Nf3 d5 3. exd5 e4 4. Nd4 Qxd5 5. Nb3 Nf6 6. Nc3 Qe5 7. Be2 Bd6 8. d4
exd3 9. Qxd3 O-O 10. Be3 Bf5 11. Qd2 Bb4 12. Bd4 Qe6 13. O-O Nc6 14. Bf3 Rad8
15. Bxc6 bxc6 16. Rfe1 Qc4 17. Qg5 Bg6 18. Rad1 Rd6 19. Bxf6 gxf6 20. Qg3 Kh8
21. Rxd6 Bxd6 22. Qf3 Be5 23. Na5 Qb4 24. Nxc6 Qd6 25. Nxe5 fxe5 26. Ne4 Qe6 27.
Qf6+ Qxf6 28. Nxf6 Kg7 29. Nd7 Rd8 30. Nxe5 Rd2 31. Nxg6 hxg6 32. Rc1 Kf6 33.
Kf1 Kf5 34. Ke1 Rd4 35. f3 Rh4 36. h3 Ra4 37. a3 Rd4 38. g3 Ke5 39. Rd1 Rxd1+
40. Kxd1 Kd4 41. Kd2 c6 42. b3 f6 43. c3+ Kd5 44. Kd3 a5 45. b4 a4 46. c4+ Kd6
47. Kd4 c5+ 48. bxc5+ Kc6 49. h4 f5 50. g4 f4 51. h5 gxh5 52. gxh5 Kc7 53. Kd5
Kd7 54. h6 Ke7 55. h7 Kf6 56. h8=Q+ Kf7 57. Qh6 Ke7 58. Qg7+ Ke8 59. c6 Kd8 60.
Qd7# 1-0

[Event "Mistrzostwa Polski Mlodzikow do lat 10 - Chlopcy"]
[Site "Karpacz"]
[Date "1899-12-30"]
[Round "2.2"]
[White "Krawczyk, Flawian"]
[Black "Meers, Hubert"]
[Result "0-1"]
[WhiteTitle "II"]
[BlackTitle "I"]
[WhiteElo "1292"]
[BlackElo "1555"]

1. e4 c5 2. Nf3 d6 3. d4 cxd4 4. Nxd4 Nf6 5. Nc3 a6 6. Be3 e5 7. Nf3 Be7 8. Bc4
Be6 9. Bxe6 fxe6 10. Na4 Ng4 11. Qd3 Nxe3 12. Qxe3 Nd7 13. O-O b5 14. Nc3 O-O
15. a3 Nb6 16. b3 Qc7 17. Rfc1 Bf6 18. Ne2 d5 19. Ng3 Nd7 20. Qe2 Rac8 21. h3
g6 22. Ra2 Nc5 23. Rb2 Rfd8 24. c4 dxc4 25. bxc4 Nd3 26. Rbc2 Nxc1 27. Rxc1 bxc4
28. Qa2 Rd6 29. Ne2 Kf7 30. Nd2 Rc6 31. g3 c3 32. Nf3 c2 33. h4 Rd8 34. Qb3 Rc8
35. Ne1 Rc4 36. f3 Be7 37. Kh1 Qc5 38. a4 Qa3 39. Qb7 Qe3 0-1

[Event "Mistrzostwa Polski Mlodzikow do lat 10 - Chlopcy"]
[Site "Karpacz"]
[Date "1899-12-30"]
[Round "2.3"]
[White "Madej, Marek"]
[Black "Wiszniewski, Szymon"]
[Result "0-1"]
[WhiteTitle "II+"]
[BlackTitle "II"]
[WhiteElo "1541"]
[BlackElo "1270"]

1. e4 c5 2. Nf3 d6 3. d4 cxd4 4. Qxd4 Nc6 5. Bb5 Bd7 6. Qd3 e6 7. c4 Be7 8. O-O
Nf6 9. Nc3 a6 10. Ba4 O-O 11. a3 h6 12. Bf4 e5 13. Bg3 Bg4 14. Ne1 Nd4 15. f3
Be6 16. Bf2 Rc8 17. b3 b5 18. cxb5 Rxc3 19. Qd2 axb5 20. Bxd4 exd4 21. Qxd4 Rc5
22. b4 Rc4 0-1

[Event "Mistrzostwa Polski Mlodzikow do lat 10 - Chlopcy"]
[Site "Karpacz"]
[Date "1899-12-30"]
[Round "2.4"]
[White "Bartodziej, Bartosz"]
[Black "Karwacki, Piotr"]
[Result "0-1"]
[WhiteTitle "II"]
[BlackTitle "II+"]
[WhiteElo "1263"]
[BlackElo "1536"]

1. d4 c5 2. d5 d6 3. e4 g6 4. Nc3 Bg7 5. Bd2 Nf6 6. Nf3 Bg4 7. Bb5+ Nbd7 8. Bf4
a6 9. Bxd7+ Nxd7 10. Rb1 Ne5 11. Bxe5 Bxe5 12. h3 Bxf3 13. Qxf3 b5 14. O-O O-O
15. a3 Rc8 16. Rfc1 f5 17. g3 b4 18. axb4 cxb4 19. Ne2 Qb6 20. h4 fxe4 21. Qe3
Qxe3 22. fxe3 Rf3 0-1

[Event "Mistrzostwa Polski Mlodzikow do lat 10 - Chlopcy"]
[Site "Karpacz"]
[Date "1899-12-30"]
[Round "2.5"]
[White "Klimkowski, Jan"]
[Black "Rylski, Tadeusz"]
[Result "1-0"]
[WhiteTitle "II"]
[BlackTitle "II"]
[WhiteElo "1492"]
[BlackElo "1241"]

1. e4 c5 2. Nf3 g6 3. d4 cxd4 4. Nxd4 Nc6 5. Nc3 Bg7 6. Be3 Nf6 7. Bc4 O-O 8. Bb3
a5 9. a4 Nb4 10. Ndb5 d6 11. f3 Bd7 12. Qd2 Rc8 13. Bh6 Bxb5 14. Bxg7 Kxg7 15.
axb5 Qb6 16. h4 h5 17. Qe2 Qc7 18. Rc1 Qc5 19. Na4 Qd4 20. Rd1 Qe5 21. c3 Qg3+
22. Qf2 Qe5 23. cxb4 Qxb5 24. Qd4 axb4 25. Nb6 Rc6 26. Nd5 e5 27. Qd3 Qc5 28.
Qe3 Qb5 29. Ne7 Rc7 30. Nf5+ gxf5 31. Qg5+ Kh7 32. Qxf6 fxe4 33. Qf5+ Kg7 34.
Rh3 exf3 35. Rg3+ Kh6 36. Qg5+ Kh7 37. Qg7# 1-0

[Event "Mistrzostwa Polski Mlodzikow do lat 10 - Chlopcy"]
[Site "Karpacz"]
[Date "1899-12-30"]
[Round "2.6"]
[White "Jarocki, Gabriel"]
[Black "Dziewonski, Dariusz"]
[Result "0-1"]
[WhiteTitle "II"]
[BlackTitle "II+"]
[WhiteElo "1241"]
[BlackElo "1476"]

1. d4 Nf6 2. Nc3 d5 3. Bg5 e6 4. Nf3 Be7 5. e3 h6 6. Bh4 O-O 7. Bd3 b6 8. O-O Bb7
9. Ne2 Nbd7 10. c3 c5 11. Rc1 Ne8 12. Bxe7 Qxe7 13. Bb1 Nd6 14. Ng3 Rac8 15. Qd3
Ne4 16. Qe2 Nxg3 17. hxg3 Nb8 18. Qd3 f5 19. Qd2 Nc6 20. Ne1 Na5 21. b3 Ba6 22.
Bd3 Bxd3 23. Nxd3 c4 24. Ne5 Rf6 25. b4 Nc6 26. Nxc6 Rxc6 27. Qe2 b5 28. Ra1 Ra6
29. Qc2 Ra4 30. a3 Rf8 31. Rfb1 Qg5 32. Qe2 Rf6 33. Rb2 Rg6 34. Qf3 h5 35. Qf4
Qxf4 36. exf4 Rg4 37. Re2 Kf7 38. Kh2 h4 39. Re3 hxg3+ 40. fxg3 Rg6 41. Kg1 Rh6
42. Kf2 Rh8 43. Kf3 Ra8 44. Re2 a5 45. bxa5 R4xa5 46. Rea2 Kf6 47. g4 g5 48. g3
gxf4 49. gxf4 fxg4+ 50. Kxg4 R8a7 51. Kf3 Kf5 52. Ke3 Ra8 53. Kf3 Rh8 54. Rg1
Rh3+ 55. Rg3 Rxg3+ 56. Kxg3 Ke4 57. Re2+ Kd3 58. Rxe6 Kxc3 59. f5 Ra8 60. Rf6
Kxd4 61. Rf7 c3 62. f6 Kd3 63. Rd7 d4 64. f7 c2 65. Rc7 Rf8 66. Kf4 Rxf7+ 67.
Rxf7 c1=Q+ 68. Ke5 Qe3+ 69. Kd5 Qe4+ 70. Kc5 Qe5+ 71. Kb4 Qd5 72. Rf1 Ke2 73.
Rc1 d3 74. Rc5 Qd4+ 75. Kxb5 d2 76. a4 d1=Q 77. a5 Qb3+ 78. Ka6 Qbd3+ 79. Kb6
Qd6+ 80. Rc6 Qb3+ 81. Ka7 Qbb8+ 82. Ka6 Qxc6# 0-1

[Event "Mistrzostwa Polski Mlodzikow do lat 10 - Chlopcy"]
[Site "Karpacz"]
[Date "1899-12-30"]
[Round "2.7"]
[White "Kejna, Piotr"]
[Black "Gromek, Pawel"]
[Result "1/2-1/2"]
[WhiteTitle "CM"]
[BlackTitle "II"]
[WhiteElo "1441"]
[BlackElo "1231"]

1. e4 e5 2. Nf3 Nc6 3. Bc4 Bc5 4. c3 Nf6 5. d3 a6 6. Bb3 Ba7 7. Nbd2 d6 8. O-O
O-O 9. h3 h6 10. Re1 Be6 11. Bc2 Qd7 12. Qe2 Rae8 13. Kh2 Nh7 14. Nf1 f5 15. Be3
Bxe3 16. Nxe3 f4 17. Nf1 Ne7 18. d4 Ng6 19. Rad1 Qc8 20. N1d2 Bd7 21. Qd3 Qd8
22. Nb3 Nh4 23. Nbd2 Nxf3+ 24. Nxf3 Ng5 25. dxe5 Nxf3+ 26. Qxf3 Rxe5 27. Rd5 Be6
28. Rxe5 dxe5 29. Rd1 Qe7 30. Bb3 Bxb3 31. axb3 Rd8 32. Qe2 Rd6 33. Qc4+ Qf7 34.
Rxd6 cxd6 35. Qb4 Qc7 36. Kg1 Kf7 37. Kf1 Ke6 38. f3 Qc6 39. c4 b6 40. Qc3 b5
41. Qd3 Kd7 42. Qc3 Qc5 43. Qd3 Kc6 44. Ke2 b4 45. Qd5+ Qxd5 46. exd5+ Kc5 47.
Kd3 g6 48. Ke4 h5 49. h4 a5 50. Kd3 Kb6 51. Ke2 Kc5 52. Kd3 Kb6 53. Kc2 Kc7 54.
Kd3 Kb6 55. Kc2 Kc7 56. Kd2 Kd7 57. Ke2 Ke7 58. Kf2 Kd7 59. g4 Kc7 60. gxh5 gxh5
61. Ke2 Kb7 62. Kd3 Kb6 63. Ke4 Kc5 64. Kd3 Kb6 65. Kc2 Kc5 66. Kd3 Kb6 67. Kd2
Kc5 68. Ke2 Kd4 69. Kd2 Kc5 70. Kd3 Kb6 71. Ke4 Kc5 72. Kd3 Kb6 73. Kd2 Kc5 74.
Ke2 Kd4 75. Kf2 Kc5 76. Ke2 Kd4 77. Kd2 Kc5 78. Kd3 Kb6 79. Kc2 Kc7 80. Kd2 Kd7
81. Kd3 Ke7 82. Ke4 Kf6 83. Kd3 Kf5 84. Ke2 e4 85. fxe4+ Kxe4 86. Kf2 f3 87. Ke1
Kd4 88. Kf1 Ke5 89. Kf2 Ke4 90. Kf1 Kd4 91. Kf2 Ke4 92. Kg1 Kd4 93. Kf1 Ke5 94.
Ke1 Kd4 95. Kd2 Ke4 96. Kd1 Ke3 97. Ke1 Kd4 98. Kf2 Ke4 99. c5 Kxd5 100. cxd6
Kxd6 101. Kxf3 Ke5 102. Ke3 Kf5 103. Kf3 Ke5 104. Ke3 Kf5 105. Kf3 Ke5 1/2-1/2

[Event "Mistrzostwa Polski Mlodzikow do lat 10 - Chlopcy"]
[Site "Karpacz"]
[Date "1899-12-30"]
[Round "2.8"]
[White "Grzadka, Artur"]
[Black "Wierzbicki, Dawid"]
[Result "1-0"]
[WhiteTitle "II"]
[BlackTitle "II"]
[WhiteElo "1233"]
[BlackElo "1441"]

1. e4 d6 2. d4 Nf6 3. Bd3 c6 4. f4 Qb6 5. Nf3 Bg4 6. h3 Bxf3 7. Qxf3 Qxd4 8. c3
Qb6 9. Nd2 e6 10. Nb3 d5 11. e5 Nfd7 12. Be3 c5 13. O-O Nc6 14. Bf2 Qc7 15. Bc2
g6 16. Rfe1 b6 17. Rad1 Bg7 18. Bg3 Rg8 19. Rd2 c4 20. Nd4 Nxd4 21. Rxd4 Qc5 22.
Red1 Qc6 23. Kh1 Nc5 24. Rxc4 Rc8 25. Bh4 h6 26. b4 g5 27. Rcd4 gxh4 28. bxc5
bxc5 29. Ba4 cxd4 30. Bxc6+ Rxc6 31. cxd4 Bf8 32. Qb3 Be7 33. Qb8+ Bd8 34. Qb5
1-0

[Event "Mistrzostwa Polski Mlodzikow do lat 10 - Chlopcy"]
[Site "Karpacz"]
[Date "1899-12-30"]
[Round "2.9"]
[White "Kozera, Dawid"]
[Black "Pancewicz, Szymon"]
[Result "1-0"]
[WhiteTitle "II"]
[BlackTitle "II"]
[WhiteElo "1221"]
[BlackElo "1421"]

1. e4 c5 2. Nf3 d6 3. d4 cxd4 4. Nxd4 Nf6 5. Nc3 g6 6. Be3 Bg7 7. f3 O-O 8. Qd2
Nc6 9. Bc4 Bd7 10. O-O-O Rc8 11. Bb3 Nxd4 12. Bxd4 b5 13. e5 b4 14. exf6 bxc3
15. Bxc3 exf6 16. Qxd6 Bf5 17. g4 Be6 18. Bxe6 Qxd6 19. Rxd6 fxe6 20. Rxe6 Kf7
21. Rhe1 Rc7 22. f4 Kg8 23. Re7 Rf7 24. Rxc7 Rxc7 25. g5 f5 26. Bxg7 Kxg7 27.
b3 Kf7 28. c4 Rd7 29. Rd1 Re7 30. Rd4 Kg7 31. Kd2 h6 32. h4 h5 33. c5 Kf7 34.
b4 Rc7 35. Rc4 Ke6 36. Ke3 a5 37. a3 Rc8 38. Rd4 axb4 39. Rd6+ Kf7 40. axb4 Rb8
41. Rb6 Rc8 42. Rf6+ Kg7 43. c6 Rc7 44. b5 Rc8 45. b6 Rb8 46. c7 Rc8 47. b7 Rxc7
48. b8=Q Re7+ 49. Kf3 Kh7 50. Qd6 Rg7 51. Rxg6 Rxg6 52. Qd7+ Kg8 53. Qxf5 Kh8
54. Qe5+ Kg8 55. f5 Rg7 56. Qe8+ Kh7 57. g6+ Kh6 58. Qh8+ Rh7 59. Qxh7# 1-0

[Event "Mistrzostwa Polski Mlodzikow do lat 10 - Chlopcy"]
[Site "Karpacz"]
[Date "1899-12-30"]
[Round "2.10"]
[White "Borowik, Wojciech"]
[Black "Wydmanski, Szymon"]
[Result "1-0"]
[WhiteTitle "II"]
[BlackTitle "II"]
[WhiteElo "1361"]
[BlackElo "1181"]

1. d4 Nf6 2. c4 g6 3. Nc3 d5 4. Bg5 dxc4 5. Bxf6 exf6 6. e3 Bg7 7. Bxc4 O-O 8.
Nf3 f5 9. O-O c5 10. d5 a6 11. a4 Qa5 12. Qb3 Nd7 13. Rfd1 Nb6 14. Rd2 Nxc4 15.
Qxc4 Bxc3 16. bxc3 b6 17. Ne5 Bb7 18. d6 b5 19. Qxc5 Rac8 20. Qb4 Qxb4 21. cxb4
bxa4 22. Nd7 Rfd8 23. Nc5 Bc6 24. Nxa6 Bb5 25. Nc5 Rc6 26. Rad1 Bc4 27. f3 Bb3
28. Nxb3 axb3 29. e4 Rc4 30. e5 Rxb4 31. Rb2 Rb5 32. f4 Rb4 33. g3 h6 34. Rd3
g5 35. Rdxb3 Rxb3 36. Rxb3 f6 37. Kf2 Kf7 38. Ke3 Ke6 39. Kd4 Rc8 40. Rb7 Rc2
41. Re7# 1-0

[Event "Mistrzostwa Polski Mlodzikow do lat 10 - Chlopcy"]
[Site "Karpacz"]
[Date "1899-12-30"]
[Round "2.11"]
[White "Warchol, Kamil"]
[Black "Malinowski, Szymon"]
[Result "0-1"]
[WhiteTitle "II"]
[BlackTitle "II+"]
[WhiteElo "1178"]
[BlackElo "1360"]

1. e4 e5 2. Nf3 Nc6 3. Bc4 Bc5 4. d3 Nf6 5. Bg5 h6 6. Bh4 d6 7. h3 Be6 8. Bb3 Qd7
9. Nc3 g5 10. Bg3 Bb4 11. Qd2 Rg8 12. O-O-O O-O-O 13. Kb1 Kb8 14. Rde1 Nd4 15.
Bxe6 fxe6 16. a3 Ba5 17. h4 Nh7 18. hxg5 Nxg5 19. Nxg5 hxg5 20. Rh5 Nb5 21. Reh1
a6 22. f3 Qc6 23. Be1 Rc8 24. Ka2 Bb6 25. Nxb5 Qxb5 26. Qb4 Qxb4 27. Bxb4 g4 28.
Rh6 gxf3 29. gxf3 Rg2 30. Kb1 Rf2 31. Rxe6 Rxf3 32. Rd1 Rf2 33. Rg6 Rh8 34. Rd2
Rf1+ 35. Ka2 a5 36. Bc3 a4 37. b3 axb3+ 38. Kxb3 Rb1+ 39. Kc4 Rh4 40. Re2 Bc5
41. a4 Ka7 42. Rg8 Kb6 43. a5+ Kc6 44. Ra8 Rhh1 45. a6 b5# 0-1

[Event "Mistrzostwa Polski Mlodzikow do lat 10 - Chlopcy"]
[Site "Karpacz"]
[Date "1899-12-30"]
[Round "2.12"]
[White "Adamala, Jacek"]
[Black "Bartoszczuk, Adam"]
[Result "0-1"]
[WhiteTitle "II"]
[BlackTitle "III"]
[WhiteElo "1360"]
[BlackElo "1142"]

1. e4 c5 2. b4 cxb4 3. a3 d5 4. exd5 Qxd5 5. d4 e6 6. Nf3 Nf6 7. c4 Qd8 8. Bd3
Be7 9. O-O O-O 10. axb4 Nc6 11. b5 Nb4 12. Ba3 Nxd3 13. Qxd3 b6 14. Bxe7 Qxe7
15. Nc3 Bb7 16. Rfe1 Rfd8 17. Rad1 Rac8 18. d5 Qc5 19. Qd4 Qxc4 20. Qxc4 Rxc4
21. dxe6 Rdc8 22. exf7+ Kf8 23. Ne2 Bxf3 24. gxf3 Kxf7 25. Ng3 Rb4 26. Ne4 Nxe4
27. fxe4 Rc7 28. e5 Rxb5 29. f4 a5 30. e6+ Ke7 31. Rb1 Rxb1 32. Rxb1 Rb7 33. f5
a4 34. Kf2 g6 35. fxg6 hxg6 36. Rg1 Kf6 37. Rg4 b5 38. Ke2 a3 39. Rg1 b4 40. h4
a2 41. Kd2 Rc7 42. e7 Kxe7 43. Re1+ Kf8 44. Rf1+ Kg7 0-1

[Event "Mistrzostwa Polski Mlodzikow do lat 10 - Chlopcy"]
[Site "Karpacz"]
[Date "1899-12-30"]
[Round "2.13"]
[White "Karp, Kacper"]
[Black "Grot, Blazej"]
[Result "1/2-1/2"]
[WhiteTitle "II"]
[BlackTitle "II"]
[WhiteElo "1078"]
[BlackElo "1341"]

1. e4 e6 2. d4 d5 3. Nc3 Bb4 4. e5 c5 5. Bd2 cxd4 6. Nb5 Bc5 7. b4 Bf8 8. Nxd4
Nc6 9. Bb5 Bd7 10. Ngf3 a6 11. Bxc6 bxc6 12. O-O Ne7 13. Ne1 Ng6 14. Nd3 Be7 15.
Kh1 O-O 16. f4 f6 17. Qh5 Qb6 18. Be3 Qc7 19. Rf3 fxe5 20. fxe5 Rxf3 21. gxf3
Rf8 22. Rg1 Rf7 23. f4 Nf8 24. Nf2 Qc8 25. Ng4 Ng6 26. Rg3 Be8 27. Rh3 Nf8 28.
Rg3 Rxf4 29. Qh3 Re4 30. Nh6+ Kh8 31. Qg2 Ng6 32. Ng4 Bh4 33. Rf3 Be7 34. Rg3
Bxb4 35. Qh3 c5 36. Nf3 d4 37. Ng5 Nf8 38. Nxe4 Bc6 39. Kg1 Bxe4 40. Bg5 Be1 41.
Ra3 Bxc2 42. Qf1 Bb4 43. Rf3 c4 44. Rg3 d3 45. Nh6 d2 46. Bf6 Qc5+ 47. Kg2 Qd5+
1/2-1/2

[Event "Mistrzostwa Polski Mlodzikow do lat 10 - Chlopcy"]
[Site "Karpacz"]
[Date "1899-12-30"]
[Round "2.14"]
[White "Pawlowski, Kamil"]
[Black "Doskocz, Karol"]
[Result "0-1"]
[WhiteTitle "III"]
[BlackTitle "II"]
[WhiteElo "1060"]
[BlackElo "1311"]

1. e4 c5 2. Nf3 d6 3. Bc4 g6 4. c3 Bg7 5. d4 cxd4 6. cxd4 Nc6 7. Be3 a6 8. a4 Bg4
9. Bxf7+ Kxf7 10. Ng5+ Ke8 11. Qxg4 Nxd4 12. Qd1 e5 13. Bxd4 Qxg5 14. Be3 Qxg2
15. Kd2 Nf6 16. Nc3 Nxe4+ 17. Nxe4 Qxe4 18. Qb3 Ke7 19. Bg5+ Bf6 20. Bxf6+ Kxf6
21. Rae1 Qd4+ 22. Kc1 Rac8+ 23. Kb1 Rc7 24. Qf3+ Kg7 25. Re4 Qc5 26. Qe2 Rf8 27.
f3 Rcf7 28. Rc4 Qb6 29. Rf1 Rf4 30. Re4 Rxe4 31. fxe4 Rxf1+ 32. Qxf1 Qd4 33. Qe1
Qxa4 34. Qh4 Qe8 35. b4 Qf7 36. Kb2 h5 37. h3 Qf6 38. Qg3 Qf4 39. Qg2 h4 40. Qc2
Kh6 41. Ka2 Qf3 42. Qd2+ Kh5 43. Qxd6 Qxe4 44. Qd1+ Kh6 45. Qd2+ Qf4 46. Qd8 Qh2+
47. Ka3 Qxh3+ 48. Ka4 b5+ 49. Ka5 Qa3+ 50. Kb6 Qxb4 51. Qh8+ Kg5 52. Qxe5+ Kg4
53. Qe6+ Kh5 54. Qe5+ g5 55. Qe8+ Kg4 56. Qe2+ Kf5 57. Qd3+ Qe4 58. Qf1+ Kg4 59.
Qd1+ Qf3 60. Qd4+ Kh3 61. Qd7+ g4 62. Kxa6 b4 63. Qd2 b3 64. Qb2 Qd3+ 65. Ka5
Qc2 66. Qe5 Qd2+ 67. Ka4 b2 68. Qc5 b1=Q 69. Qc3+ Qbd3 70. Qxd3+ Qxd3 71. Kb4
Qc2 72. Kb5 g3 73. Kb4 g2 74. Kb5 g1=R 75. Kb4 Rb1+ 76. Ka3 Qb3# 0-1

[Event "Mistrzostwa Polski Mlodzikow do lat 10 - Chlopcy"]
[Site "Karpacz"]
[Date "1899-12-30"]
[Round "2.16"]
[White "Klisowski, Bartosz"]
[Black "Nowak, Filip"]
[Result "1/2-1/2"]
[WhiteTitle "II"]
[BlackTitle "II"]
[WhiteElo "1166"]
[BlackElo "1389"]

1. c4 e5 2. Nc3 Nf6 3. g3 c6 4. Bg2 d5 5. d4 e4 6. cxd5 cxd5 7. Bg5 Bb4 8. Rc1
Nc6 9. Qb3 Be6 10. e3 h6 11. Bf4 O-O 12. a3 Bxc3+ 13. Qxc3 Qb6 14. b4 Rac8 15.
Qb2 Na5 16. Ne2 Rxc1+ 17. Qxc1 Rc8 18. Qa1 Nc4 19. O-O Qa6 20. a4 Bd7 21. b5 Qa5
22. Be5 a6 23. Bxf6 gxf6 24. bxa6 bxa6 25. Nc3 f5 26. Rd1 Nxe3 27. fxe3 Qxc3 28.
Qxc3 Rxc3 29. Kf2 Bxa4 30. Ra1 Rc2+ 31. Kg1 Bb5 32. Bh3 Re2 33. Ra3 Bd3 34. Bxf5
Rxe3 35. Bc8 Re1+ 36. Kf2 Re2+ 37. Kg1 Rd2 38. Bxa6 Bxa6 39. Rxa6 Rxd4 40. Rxh6
Kg7 41. Rd6 Rd2 42. Kf1 d4 43. Ke1 e3 44. g4 f6 45. h4 d3 46. g5 fxg5 47. hxg5
Re2+ 48. Kd1 Rd2+ 49. Ke1 Kf7 50. g6+ Kg7 1/2-1/2

[Event "Mistrzostwa Polski Mlodzikow do lat 10 - Chlopcy"]
[Site "Karpacz"]
[Date "1899-12-30"]
[Round "2.17"]
[White "Kopaniewski, Wojciech"]
[Black "Leski, Franciszek"]
[Result "1-0"]
[WhiteTitle "II"]
[BlackTitle "III"]
[WhiteElo "1370"]
[BlackElo "1071"]

1. e4 Nf6 2. Bc4 d5 3. exd5 Nxd5 4. d4 Nb6 5. Bb3 e6 6. Nf3 c5 7. c3 Nc6 8. Be3
cxd4 9. Nxd4 Bd7 10. Nd2 Ne5 11. O-O Be7 12. Qe2 Ng6 13. Qf3 Qc7 14. Bc2 f5 15.
N2b3 O-O 16. Rad1 e5 17. Nxf5 Bxf5 18. Bxf5 Nf4 19. Qe4 g6 20. Bg4 Nc4 21. Rd7
Qc8 22. Rxe7 Qxg4 23. Qxc4+ Kh8 24. Bxf4 Rxf4 25. Qc7 Qh5 26. Rxe5 Qh6 27. Re7
Raf8 28. Qe5+ Kg8 29. Nd4 R4f6 30. Ne6 1-0